Nikola Šuhaj loupežník /
Z komentáře k původnímu LP albu DV 15195 vydaného Supraphonem v roce 1963: Když se Ivanu Olbrachtovi (*6.1.1882 –†30.12.1952) blížila padesátka, odejel na Zakarpatskou Ukrajinu, která byla tehdy součástí Československé republiky (Podkarpatská Rus). Pobyt tam (do r. 1937), přerušovaný samozřejmě poby...
Uloženo v:
| Hlavní autor: | |
|---|---|
| Další autoři: | |
| Médium: | E-audiokniha |
| Vydáno: |
Praha :
Supraphon a.s.,
2016
|
| Tagy: |
Žádné tagy |
| LEADER | 02071nim a22002417i 4500 | ||
|---|---|---|---|
| 001 | 313241 | ||
| 007 | sr nunnnnnnned | ||
| 024 | |a 099925795122 | ||
| 044 | |a xr | ||
| 100 | 1 | |a Olbracht, Ivan |4 aut | |
| 245 | 1 | 0 | |a Nikola Šuhaj loupežník / |c Olbracht, Ivan |
| 264 | 1 | |a Praha : |b Supraphon a.s., |c 2016 | |
| 300 | |a 1 online zdroj (48 min., 33 sek.) | ||
| 336 | |a mluvené slovo |b spw |2 rdacontent | ||
| 337 | |a audio |b s |2 rdamedia | ||
| 338 | |a online zdroj |b cr |2 rdacarrier | ||
| 505 | 0 | 0 | |t Nikola Šuhaj loupežník (48 min., 31 sek.) |
| 520 | 2 | |a Z komentáře k původnímu LP albu DV 15195 vydaného Supraphonem v roce 1963: Když se Ivanu Olbrachtovi (*6.1.1882 –†30.12.1952) blížila padesátka, odejel na Zakarpatskou Ukrajinu, která byla tehdy součástí Československé republiky (Podkarpatská Rus). Pobyt tam (do r. 1937), přerušovaný samozřejmě pobyty v Praze, kde bydlel, vymezuje vrcholné období Olbrachtovy tvorby a jeho výsledkem byl román Nikola Šuhaj loupežník (1933), povídky Golet v údolí (1937) a řada reportáží shrnutých v knize Hory a staletí (1935). Nejslavnějším z nich se stal román - balada - o posledním zbojníku Poloninských Karpat, který na sebe vzal bídu a utrpení kraje a odešel do hor, aby se mstil na bohatých za všechna příkoří páchaná na zakarpatském lidu. Proto se stal symbolem jeho touhy po svobodě...Olbracht vytvořil dílo, které s knihami Vladislava Vančury a Karla Čapka tvoří vrchol české prózy mezi dvěma válkami. Skutečnost a mýtus jsou zde spjaty v tak dokonalé harmonii a podány jazykem tak prostým a zároveň básnickým, že se román stal klasickým dílem... Dr. Rudolf Havel | |
| 700 | 1 | |a Šmeral, Vladimír |4 nrt | |
| 910 | |a RBIT002 | ||
| 998 | |d 401090 |a https://core.palmknihy.cz/api/books/401090/cover?salmfx |b https://core.palmknihy.cz/api/books/401090/cover/400?salmfx |c https://core.palmknihy.cz/api/books/401090/cover/50?salmfx |e 2099-01-01 |i 099925795122 |l 2913 |q 49 |r 1 |s https://www.palmknihy.cz/kniha/401090 |t audiobook |y 2016 |z 1 | ||
| 999 | |d 313239 | ||